| 000 | 00871nam a2200229Ia 4500 | ||
|---|---|---|---|
| 001 | 8986 | ||
| 003 | GE_BSU | ||
| 008 | 181216s||||||||xx |||||||||||||| ||und|| | ||
| 040 | _cGE_BSU | ||
| 080 | _a634.31/34(479.223)(092) | ||
| 100 | _aკილაძე,რევაზ | ||
| 245 | _aმახინჯაურელთა ძმური ოჯახი | ||
| 245 | _bმეციტრუსე ნოვატორთა მიღწევები | ||
| 245 | _cრედ.ზ.ფირცხალაიშვილი | ||
| 260 | _aბათუმი | ||
| 260 | _bსაბჭოთა აჭარა | ||
| 260 | _c1976 | ||
| 300 | _a35გვ.19სმ. | ||
| 653 | _aმახინჯაურელთა ძმური ოჯახი | ||
| 653 | _aმეციტრუსე ნოვატორთა მიღწევები | ||
| 942 | _cBK | ||
| 999 |
_c42291 _d42291 |
||